Państwa w Białymstoku na Z w 2 minuty - Statystyki

Ogólne statystyki
  • Ten quiz został rozwiązany 7 razy
  • Średni wynik to 3 z 18
Statystyki odpowiedzi
Odpowiedź % Poprawnych
Zimbabwe
60%
20:01
20%
Balerina Capucina
20%
Brr Brr Patapim
20%
Clash Royale
20%
Leszno
20%
Moms Cake
20%
Nowy Dwór Mazowiecki
20%
Ryszard
20%
Ząbki
20%
Zegar
20%
Zesty
20%
Żyrardów
20%
虎が人を噛もうとするときのうなり声
0%
Missed Voice Call
0%
Ramen
0%
TLauncher
0%
We are going up up up
0%
Nie znaleziono quizów pasujących do podanych kryteriów
Rozkład punktacji
Procent ludzi z każdym wynikiem
Percentyl według liczby udzielonych odpowiedzi
Twoja historia wyników
Nie rozwiązałeś tego quizu